Alle Schweizer, die für Borussia Dortmund gespielt haben - Statistiken

Allgemein
  • Dieses Quiz wurde 321 mal gespielt
  • Das Durchschnittsergebnis liegt bei 5 aus 8
Antwortstatistiken
Zeit Spieler % Korrekt
2015-2022 Roman Bürki
88%
2021- Gregor Kobel
87%
2018-2022 Manuel Akanji
85%
2018-2022 Marwin Hitz
74%
2006-2009 Alexander Frei
63%
1991-1999 Stephane Chapuisat
59%
2005-2008 Philipp Degen
28%
1984-1985 Andy Egli
6%
Keine übereinstimmenden Quizze gefunden
Verteilung der Resultate
Anzahl Personen mit jedem Resultat
Perzentil nach korrekt beantworteten Fragen
Ihre Resultats-Entwicklung
Sie haben dieses Quiz noch nicht gespielt